logo

Bir Sreshtho Munshi Abdur Rouf Library
Jhenaidah Cadet College

মুনীর চৌধুরী রচনাসমগ্র ২ / (Record no. 3882)

MARC details
000 -LEADER
fixed length control field 00734nam a2200229 a 4500
001 - CONTROL NUMBER
JCCL Control Number 3882
003 - CONTROL NUMBER IDENTIFIER
JCCL marc code BD-JhCC
005 - DATE AND TIME OF LATEST TRANSACTION
control field 20180307094048.0
008 - FIXED-LENGTH DATA ELEMENTS--GENERAL INFORMATION
fixed length control field 171119s2001 bg |||| |||| 000 0 ben d
020 ## - INTERNATIONAL STANDARD BOOK NUMBER
International Standard Book Number 98481601658
035 ## - SYSTEM CONTROL NUMBER
system control number (BD-JhCC) 3882
040 ## - CATALOGING SOURCE
Original cataloging agency BD-JhCC
Modifying agency BD-JhCC
041 ## - LANGUAGE CODE
Language code of Book ben
082 ## - DEWEY DECIMAL CLASSIFICATION NUMBER
Classification number 891.4409
Author mark and Year MUN 2001
245 ## - TITLE STATEMENT
Title মুনীর চৌধুরী রচনাসমগ্র ২ /
Statement of responsibility, etc আনিসুজ্জামান,
260 ## - PUBLICATION, DISTRIBUTION, ETC. (IMPRINT)
Place of publication, distribution, etc ঢাকা :
Name of publisher, distributor, etc অন্যপ্রকাশ,
Date of publication, distribution, etc ২০০১.
300 ## - PHYSICAL DESCRIPTION
Pagination ৬৩৮পৃ. :
Dimensions ২১ সেমি.
650 ## - SUBJECT ADDED ENTRY--TOPICAL TERM
Topical term or geographic name as entry element Collection of works
700 ## - ADDED ENTRY--PERSONAL NAME
Personal name আনিসুজ্জামান (সম্পা)
942 ## - ADDED ENTRY ELEMENTS (KOHA)
Source of classification or shelving scheme Dewey Decimal Classification
Koha item type Books
Holdings
Source of classification or shelving scheme volume number Damaged status Not for loan Home library Current library Shelving location Date of accession Cost, normal purchase price Total Checkouts Full call number Barcode Date last seen Copy number Koha item type
Dewey Decimal Classification V-2     JCC Rouf Library JCC Rouf Library General Stacks 11/19/2017 500.00   891.4409 MUN 2001 5430 11/19/2017 C-1 Books

JCC Library | Contacts | JCC Home

Last Update on 23 September 2017
Copyright @ 2017-2020 JCC Rouf Library
Rouf Library, Jhenidah Cadet College (JCC), Bangladesh